000 00683nam a2200205Ii 4500
003 JO-AjNU
008 230605s9999||||xx |||||||||||||| ||und||
040 _aJO-AjNU
_bara
_erda
_cJO-AjNU
041 _aara
050 1 4 _aHD85.1986
100 3 _aالسلوم، يوسف ابراهيم,
_eauthor
_940513
245 0 0 _aاضواء على استراتيجية خطة التنمية في المملكة العربية السعودية
250 _aط1
264 3 1 _aالرياض:المؤلف،1986
300 _a129ص
336 _atext
_btxt
_2rdacontent
337 _aunmediated
_bn
_2rdamedia
338 _avolume
_bnc
_2rdacarrier
650 4 _aسياسة اقتصادية
_940514
999 _aA17199
_c20767
_d20767